Statistiques concernant Joueurs de football par pays - Europe

Cliquez ici pour prendre le quiz!

Statistiques générales

  • Ce quiz a été pris 2 452 fois
  • Le résultat moyen est 23 sur 31

Statistiques - réponses

NomPays% Correct
Kylian MbappeFrance
100%
Harry KaneAngleterre
98%
Kevin De BruyneBelgique
98%
Sergio RamosEspagne
98%
Virgil van DijkPays-Bas
98%
Ciro ImmobileItalie
97%
Erling Braut HaalandNorvège
97%
Bernado SilvaPortugal
97%
Joshua KimmichAllemagne
96%
Robert LewandowskiPologne
96%
Gareth BalePays de Galles
94%
Ivan RakiticCroatie
90%
Kasper SchmeichelDanemark
84%
Marcel SabitzerAutriche
77%
Andy RobertsonÉcosse
76%
SokratisGrèce
76%
Miralem PjanicBosnie Herzégovine
74%
Igor AkinfeevRussie
73%
Andriy YarmolenkoUkraine
72%
Gylfi SigurdssonIslande
67%
Sergej Milinkovic-SavicSerbie
67%
Denis ZakariaSuisse
67%
Ianis HagiRoumanie
64%
Marek HamsikSlovaquie
63%
Teemu PukkiFinlande
62%
Patrik SchickRépublique Tchèque
60%
Shane DuffyIrlande
54%
Stefan SavicMonténégro
47%
Jonny EvansIrlande du Nord
46%
Elif ElmasMacédoine du Nord
40%
Joonas TammEstonie
19%

Distribution des résultats

Percentile par nombre de réponses

% des personnes avec chaque résultat

Votre développement - résultats

Vous n’avez pas pris ce quiz